[Collection of photographs showing Air Chief Marshal Sir Charles Portal presenting a pound note to Lord Mottistone, Chairman of the R.A.F. Pilots and Aircrews Fund] (Record no. 116555)

MARC details
000 -LEADER
fixed length control field 00838ckc a22002055a 4500
001 - CONTROL NUMBER
control field L141029
008 - FIXED-LENGTH DATA ELEMENTS--GENERAL INFORMATION
fixed length control field 071025s1942 xxk eng u
035 ## - SYSTEM CONTROL NUMBER
System control number (Sirsi) u141029
041 0# - LANGUAGE CODE
Language code of text/sound track or separate title eng
245 01 - TITLE STATEMENT
Title [Collection of photographs showing Air Chief Marshal Sir Charles Portal presenting a pound note to Lord Mottistone, Chairman of the R.A.F. Pilots and Aircrews Fund]
Medium [graphic]
260 ## - PUBLICATION, DISTRIBUTION, ETC.
Date of publication, distribution, etc. 1942
300 ## - PHYSICAL DESCRIPTION
Extent 5 photographs
Other physical details b&w
Dimensions 20 x 26 cm., or smaller +
Accompanying material 1 sheet (20 x 12 cm.)
340 ## - PHYSICAL MEDIUM
Material base and configuration Photograph
351 ## - ORGANIZATION AND ARRANGEMENT OF MATERIALS
Hierarchical level Fonds
500 ## - GENERAL NOTE
General note The pound note was presented by Sir Charles Portal, and autographed by him, brought the R.A.F. Pilots and Aircrews Fund up to £100,000.
500 ## - GENERAL NOTE
General note Item is accompanied by an internal memo dated 8 January 1943.
651 4# - SUBJECT ADDED ENTRY--GEOGRAPHIC NAME
Geographic name United Kingdom
Chronological subdivision
690 ## - LOCAL SUBJECT ADDED ENTRY--TOPICAL TERM (OCLC, RLIN)
Topical term or geographic name as entry element ABOUT RICS
942 ## - ADDED ENTRY ELEMENTS (KOHA)
Suppress in OPAC 0
Holdings
Withdrawn status Lost status Source of classification or shelving scheme Damaged status Not for loan Home library Current library Shelving location Date acquired Total Checkouts Full call number Barcode Date last seen Copy number Price effective from Koha item type
    Dewey Decimal Classification     Historic collection Historic collection Historic collection 25/10/2007   MAP CABINET DRAWER 2 141029-2001 06/08/2019 1 06/08/2019 Archive